Desarrollo regional (Registro nro. 312217)

Detalles MARC
000 -ENCABEZADO
Número de control [NR] 00554 a2200157 4500
005 - FECHA Y HORA DE LA ÚLTIMA TRANSACCIÓN
control field 20190813142205.0
008 - DE LONGITUD FIJA DE DATOS DE ELEMENTOS - INFORMACIÓN GENERAL
Elementos de longitud fija [NR] 190529b1976 ck ||||| |||| 00| 0 spa d
040 ## - FUENTE DE CATALOGACION [NR]
Agencia de catalogación original [NR] CO-BoUCM
Idioma de catalogación [NR] spa
Quien Cataloga Juan Jose Mateus
Quien Clasifica Juan Jose Mateus
041 0# - CODIGO DE IDIOMA [R]
Código de idioma para texto/pista de sonido o título separado [R] Español
110 2# - ASIENTO PRINCIPAL--NOMBRE CORPORATIVO [NR]
Nombre corporativo o de jurisdicción como elemento de entrada [NR] Fundación para la Nueva Democracia
ID de autoridad 96614
245 10 - MENCION DE TITULO [NR]
Título [NR] Desarrollo regional
Mención de responsabilidad, etc. [NR] Fundación para la nueva democracia
260 ## - PUBLICACION, DISTRIBUCION, ETC. (PIE DE IMPRENTA) [R]
Nombre del editor, distribuidor, etc. [R] Editora Guadalupe
Fecha de publicación, distribución, etc. [R] 1976
Lugar de publicación, distribución, etc. [R] Bogotá
650 #7 - ASIENTO SECUNDARIO DE MATERIA - TERMINO TEMATICO [R]
Término temático o nombre geográfico como elemento de entrada [NR] Desarrollo económico
9 (RLIN) 438
942 ## - ELEMENTOS DE ENTRADA AGREGADOS (KOHA)
Tipo de ítem principal el descrito en 300a Libro
Sistema de clasificación DEWEY
Tema principal Economía
Edición 1
Clasificación 338.9861
Parte restante de la signatura top. D441e
Existencias
Total préstamos Signatura topográfica Código de barras Última vez visto Ejemplar Costo de reposición Price effective from Tipo de ítem Perdido Sistema de clasificación Dañado No prestable Tipo de ítem específico Suprimido Ubicación habitual Ubicación actual Localización Fecha de creación Proveedor Forma de adquisición Costo
  338.9861 D441e 100160180 09/12/2024 Ej.1 26000.00 03/05/2019 Libro   DEWEY     Libro   BodegaJK Claustro Préstamo 2 días después de solicitado 03/05/2019 12 Donación 0.00